[Event "Paracin op-A 15th"]
[Site "Paracin"]
[Date "2022.07.09"]
[Round "3"]
[White "Anirudh, Daga"]
[Black "Radojicic, Aleksandar M"]
[Result "0-1"]
[WhiteElo "1878"]
[BlackElo "2188"]
[PlyCount "94"]
[EventDate "2022.07.08"]
[EventType "swiss"]
[EventRounds "9"]
[EventCountry "SRB"]
[SourceTitle "EXT 2023"]
[Source "ChessBase"]
[SourceDate "2022.10.05"]
[SourceVersion "1"]
[SourceVersionDate "2022.10.05"]
[SourceQuality "1"]

1. e4 c5 2. Nf3 e6 3. b3 b6 4. d4 cxd4 5. Nxd4 Qf6 6. Bb2 Bc5 7. Be2 Nc6 8. c3 Nge7 9. 0-0 0-0 10. Qd2 Qg6 11. b4 Bxd4 12. cxd4 Qxe4 13. Bf3 Qf5 14. Re1 d5 15. Na3 Ng6 16. Rac1 Bd7 17. b5 Nce7 18. Rc7 Rfd8 19. Re3 Qf4 20. Rc1 Rac8 21. Rd1 Nf5 22. Rd3 Qd6 23. Rb3 Qe7 24. Nc2 Qf6 25. Be2 Nd6 26. Rf3 Ne4 27. Qc1 Qe7 28. a4 Rc7 29. Ba3 Qe8 30. Qb2 Rdc8 31. Nb4 Nc3 32. Re1 Nxa4 33. Qd2 Bxb5 34. Bd1 Qd7 35. Rg3 Nc3 36. Bc2 a5 37. Bxg6 hxg6 38. Nd3 Ne4 39. Rxe4 dxe4 40. Ne5 Qd5 41. h3 Rd8 42. Qb2 Be8 43. Qxb6 Rb7 44. Qa6 Rb1+ 45. Kh2 Qxd4 46. Qxa5 Rb5 47. Qc7 Rxe5 0-1

[Event "Kuala Lumpur Selangor op 46th"]
[Site "Kuala Lumpur"]
[Date "2019.04.26"]
[Round "1"]
[White "Anirudh, Daga"]
[Black "Laylo, Darwin"]
[Result "0-1"]
[WhiteElo "1647"]
[BlackElo "2425"]
[PlyCount "85"]
[EventDate "2019.04.26"]
[EventType "swiss"]
[EventRounds "9"]
[EventCountry "MAS"]
[SourceTitle "EXT 2020"]
[Source "ChessBase"]
[SourceDate "2019.10.17"]
[SourceVersion "1"]
[SourceVersionDate "2019.10.17"]
[SourceQuality "1"]

1. e4 d5 2. exd5 Nf6 3. d4 Bg4 4. Be2 Bxe2 5. Nxe2 Qxd5 6. 0-0 Nc6 7. Nbc3 Qf5 8. Ng3 Qd7 9. d5 Nb4 10. Qf3 Nxc2 11. Rb1 Nb4 12. Rd1 0-0-0 13. Bf4 Qg4 14. Qxg4+ Nxg4 15. a3 e5 16. dxe6 Nd3 17. Be3 Nxe3 18. fxe3 fxe6 19. b4 Be7 20. Nge4 Ne5 21. Nb5 Nc6 22. Nd4 Nxd4 23. exd4 Rd5 24. Nc3 Rd7 25. Rd3 Bf6 26. Rbd1 Rhd8 27. Ne2 c6 28. Kf2 e5 29. Ke3 exd4+ 30. Nxd4 Bxd4+ 31. Rxd4 Kc7 32. Rxd7+ Rxd7 33. Rf1 g6 34. g4 Kb6 35. Rc1 a5 36. Rc5 axb4 37. axb4 Rd1 38. Ra5 Rb1 39. Ra4 Rb2 40. Kf4 Rxh2 41. Kg3 Rh1 42. g5 h6 43. Ra1 0-1

[Event "Sitges Sunway op-B 5th"]
[Site "Sitges"]
[Date "2018.12.19"]
[Round "6"]
[White "Anirudh, Daga"]
[Black "Knipfer, Andreas"]
[Result "0-1"]
[WhiteElo "1356"]
[BlackElo "1962"]
[PlyCount "52"]
[EventDate "2018.12.14"]
[EventType "swiss"]
[EventRounds "10"]
[EventCountry "ESP"]
[SourceTitle "CBM 187 Extra"]
[Source "ChessBase"]
[SourceDate "2018.11.04"]
[SourceVersion "1"]
[SourceVersionDate "2018.11.04"]
[SourceQuality "1"]

1. e4 c5 2. Nf3 e6 3. d4 cxd4 4. Nxd4 a6 5. Nc3 Qc7 6. Bd3 Nc6 7. Nxc6 dxc6 8. Qe2 e5 9. 0-0 Nf6 10. Bg5 Be7 11. Kh1 h6 12. Bxf6 Bxf6 13. a4 Be6 14. a5 0-0 15. Rfd1 Rad8 16. Kg1 Rd4 17. h3 Rfd8 18. Qf3 Be7 19. Ne2 R4d7 20. c3 Bb3 21. Ng3 Bxd1 22. Rxd1 Qxa5 23. Nf5 Bf8 24. Kh2 Qc7 25. h4 g6 26. Qg3 Kh7 0-1